Entry Término temático
001 - NÚMERO DE CONTROL
- campo de control: 164451
003 - IDENTIFICADOR DE NÚMERO DE CONTROL
- campo de control: SpMaBN
005 - FECHA Y HORA DE LA ÚLTIMA TRANSACCIÓN
- campo de control: 20250812043350.0
008 - ELEMENTOS DE DATO DE LONGITUD-FIJA
- campo de control de longitud fija: 901201dn anznnbabn n ana
016 ## - NÚMERO DE CONTROL DE UNA AGENCIA BIBLIOGRÁFICA NACIONAL
- Número de control del registro: BNE19901022599
024 7# - IDENTIFICADOR DE OTROS ESTÁNDARES
- Número estándar o código: http://id.loc.gov/authorities/subjects/sh85007852
- Fuente: lcsh
024 7# - IDENTIFICADOR DE OTROS ESTÁNDARES
- Número estándar o código: http://data.bnf.fr/ark:/12148/cb12020347b
- Fuente: rameau
040 ## - FUENTE DE CATALOGACIÓN
- Centro catalogador/agencia de origen: SpMaBN
- Lengua de catalogación: spa
- Centro/agencia transcriptor: SpMaBN
- Normas de descripción: rdc
- Convención/Normas de encabezamiento de materia/tesauro: embne
150 ## - ENCABEZAMIENTO--TÉRMINO DE MATERIA
- Término de materia o nombre geográfico como elemento de entrada: Arte portugués
450 ## - TRAZADO DE VÉASE--TÉRMINO DE MATERIA
- Término de materia o nombre geográfico como elemento de entrada: Arte-
- Subdivisión geográfica: Portugal
670 ## - FUENTE DE DATOS ENCONTRADOS
- Cita de la fuente: LCSH
- Información encontrada: (Art, Portuguese)
670 ## - FUENTE DE DATOS ENCONTRADOS
- Cita de la fuente: RAMEAU
- Información encontrada: (Art portugais)
750 #7 - ENTRADA DE ENLACE DE ENCABEZAMIENTO ESTABLECIDO--TÉRMINO DE MATERIA
- Término de materia o nombre geográfico como elemento de entrada: Art portugais
- Fuente del encabezamiento o término: rameau
750 #7 - ENTRADA DE ENLACE DE ENCABEZAMIENTO ESTABLECIDO--TÉRMINO DE MATERIA
- Término de materia o nombre geográfico como elemento de entrada: Art, Portuguese
- Fuente del encabezamiento o término: lcsh
